000 00509cam a2200193 4500
001 D5139
008 090401t1935 xxu||||| |||| 00| 0 eng d
035 _a(Sirsi) u35358
041 _aeng
050 _a692.30954
110 _aWar Office
_93243
245 _aStandard method of measurement for use by the M.E.S. in India (provisional)
260 _aSimla
_bGovernment of India Press
_c1935
300 _a15p. 30cm
350 _a0
520 _aFiled at SMM 1935/2B
942 _n0
948 _c04/03/1997
999 _c90099
_d90099